000 01174naa a22003617a 4500
001 BR7705125
003 BR-BrBNA
005 20240918174044.0
007 ta
008 230509b bl.||||| |||| 00| 0 por d
040 _aBR-BrBNA
_bpor
_cBiblioteca Nacional de Agricultura
041 _a(Pt)
072 _aH10
_b0170
_b1940
_b3877
_b4020
090 _aH10 BR7705125
100 1 _aReis, P.R.
100 1 _aMeira, J.L.
100 1 _aAzevedo, J.T. de
100 1 _aLima, J.O.G.
100 1 _aOvermann, J.L.
100 1 _aNogueira, S.B.
100 1 _aSchaffert, R.E.
100 1 _aTrevisan, W.L.
245 1 _aEfeito de cinco inseticidas no controle da mosca do sorgo (Contarinia sorghicola (Coq.)
260 3 _aBelo Horizonte, MG (Brasil):
_c1977.
500 _aProjeto sorgo. Relatorio anual 72/73/74/75 Belo Horizonte, MG (Brasil): 1977. p. 197-206 (BR7705125-AM)H10
650 _aSORGO
650 _aMOSCA
650 _aINSETICIDA
650 _aCONTROLE QUIMICO
773 0 _tProjeto sorgo. Relatorio anual 72/73/74/75
_wH10 BR7705125
_gBelo Horizonte, MG (Brasil), 1977. p. 197-206
909 _a202404
_bLucia
_c55
_dLucia Elande
942 _cAM
_2AGRIS
999 _c308617
_d308617